The Dargah of Qamar Ali Darwesh:An Analytical Study of its impact on the People of pune (Record no. 22183)
[ view plain ]
| 000 -LEADER | |
|---|---|
| fixed length control field | 00356nam a2200109Ia 4500 |
| 100 ## - MAIN ENTRY--AUTHOR NAME | |
| Author name | Samson Lankeshwar |
| 245 #4 - TITLE STATEMENT | |
| Title | The Dargah of Qamar Ali Darwesh:An Analytical Study of its impact on the People of pune |
| 500 ## - GENERAL NOTE | |
| General note | Journal of Henry Martyn Institute July- Dec 2001 |
| 650 ## - SUBJECT ADDED ENTRY--TOPICAL TERM | |
| Topical Term | Mysticism |
| 942 ## - ADDED ENTRY ELEMENTS (KOHA) | |
| Koha item type | Book Reviews |
No items available.
